| 000 | 00432nam a22001817a 4500 | ||
|---|---|---|---|
| 999 |
_c7138 _d7138 |
||
| 003 | OSt | ||
| 005 | 20190907163922.0 | ||
| 008 | 190122b ||||| |||| 00| 0 eng d | ||
| 020 | _a0914307150 | ||
| 040 | _cDLC | ||
| 082 | _b236 Y21e | ||
| 100 | _aYandian, Bob. | ||
| 245 | _aEnd Time Prophecy/ | ||
| 260 |
_aDallas, Texas: _bWord of faith Publishing: _cc.1983 |
||
| 300 |
_a22 p.; _c20cm |
||
| 650 | _2prophecy | ||
| 942 |
_2ddc _cBK |
||